000 00688nam a2200181Ia 4500
008 100920s9999 xx 000 0 und d
082 _b95967
_a51 न 05
100 _aअिंगळे व. न.
245 _aझेप अवकाशी अग्नपिक्ष्याची.
260 _bसाकेत प्रकाशन,औरंगाबाद.
_c2005
300 _a315
_bसाधी
365 _b200
520 _aचरित्र.
630 _aझेप अवकाशी अग्नपिक्ष्याची.
650 _aचरित्र.
730 _aझेप अवकाशी अग्नपिक्ष्याची.
942 _cBOOK
999 _c736407
_d736404